Culture général sur la geographie - Statistiques

Statistiques générales
  • Ce quiz a été pris 127 fois
  • Le résultat moyen est 6 sur 10
Statistiques - réponses
Question Réponse % Correct
Quelle rivière est la plus longue d'Afrique Le Nil
100%
Quelle est la capitale de l'Australie Canberra
94%
Quel fleuve traverse Paris La Seine
75%
Quelle est la capitale de l'Islande Reykjavik
75%
Quel pays a le plus grand nombre de fuseaux horaires La France
69%
Quel est le plus grand désert du monde ? Le désert de l'Antarctique
69%
Quel est le plus grand lac d'Afrique Le lac Victoria
38%
Quelle est la plus haute montagne d'Amérique du Nord Le Denali
31%
Quel est le plus grand pays en superficie La Russie
13%
Quelle chaîne de montagnes sépare l'Europe de l'Asie Les monts Oural
13%
Aucun quiz correspondant
Distribution des résultats
% des personnes avec chaque résultat
Percentile par nombre de réponses
Votre historique - résultats
Vous n’avez pas pris ce quiz